Comuni della Val di Non - Statistics

Statistiche generali
  • Questo quiz è stato fatto 11 volte
  • Il punteggio medio è 10 su 23
Statistiche sulle risposte
Risposta % Corretto
Cles
100%
Predaia
80%
Sanzeno
60%
Sfruz
60%
Ton
60%
Amblar-Don
40%
Borgo d'Anaunia
40%
Bresimo
40%
Campodenno
40%
Cavareno
40%
Cis
40%
Denno
40%
Livo
40%
Novella
40%
Romeno
40%
Ronzone
40%
Ruffré-Mendola
40%
Sarnonico
40%
Sporminore
40%
Ville d'Anaunia
40%
Contà
20%
Dambel
20%
Rumo
20%
Nessun quiz corrispondente trovato
Distribuzione punteggi
Percentuale di utenti per punteggio
Percentile per numero di risposta
I tuoi punteggi nel tempo
Non hai fatto questo quiz